Bank air susu ibu : fatwa MPKS no 21 tahun 1976

Bibliographic Details
Corporate Author: Indonesia
Format: Book
Published: Jakarta : Department Kesihatan , 1978
Subjects:

MARC

LEADER 00000cam a2200000 7i4500
001 0000007963
005 20031224093000.0
008 021119s1978
090 0 0 |a BP190.5.H785   |b I5 
110 1 |a Indonesia   |c Department Kesehatan 
245 0 0 |a Bank air susu ibu :   |b fatwa MPKS no 21 tahun 1976 
260 2 |a Jakarta :   |b Department Kesihatan ,   |c 1978 
300 |a 87 ms. ;   |c 24 sm. 
650 0 |a Milk, Human 
650 0 |a Milk, Human (in religion)   |x Islam 
999 |a 1000007149   |b Book   |c OPEN SHELF (30 DAYS)   |e Gong Badak Campus